000 00843cam a2200193 4500
001 WB3901-23
008 030107n2003 000 0 eng u
035 _a(Sirsi) u120941
245 _aHomebase refused appeal
260 _c2003
490 _aEstates Gazette
_v(0301) 4 January 2003, 11(1)
520 _aHomebase has been refused permission to appeal to the House of Lords against a CA decision in favour of landlord Allied Dunbar. Allied Dunbar prevented Homebase from subletting a property at a discount. Homebase claims the decision is at odds with government's support for lease flexibility (see Abs65740 for CA decision).
590 _aWB
650 _aHOMEBASE LTD AND ANOTHER V ALLIED DUNBAR ASSURANCE PLC
650 _aUNDERLETTING
650 _aSUBLETTING
690 _aLANDLORD AND TENANT-BUSINESS TENANCIES
942 _n0
999 _c71892
_d71892